00765nam a2200253Ia 4500003001000000005001700010007000300027008004100030020001800071040003500089041000800124084001100132100003500143245004600178250002300224264003300247300002900280336002700309337003300336338002800369650003600397650003800433650004000471CO-BoRNBP20250604145528.0ta180109s9999 xx 000 0 und d a9786071132680 aCO-BoRNBPbspaerdacCO-BoRNBP aspa aN RON31 aRoncagliolo, Santiago, 1975- ,10aLa pena máxima /cSantiago Roncagliolo. aPrimera edición. 1a"México :bAlfaguara;2014" a"382 páginas ;c24 cm" atextobtxt2rdacontent asin mediaciónbn2rdamedia avolumenbnc2rdacarrier04aNovela Peruana - Siglo XX2LEMB04aAutores Peruanos - Siglo XX2LEMB04aLiteratura Peruana - Siglo XX2LEMB